000 00375nam a2200145Ia 4500
008 230917s9999||||xx |||||||||||||| ||und||
040 _e161798
_aMAIN
041 _aEnglish
082 _a954.029 E44E
100 _aAlavi, Seema, ed.
245 0 _aEighteenth Century in India
260 _aNew Delhi
_bOxford University Press
_c2002
300 _aviii, 261 p.
942 _cBK
999 _c156014
_d156014